00366nam a2200145Ia 4500008004100000020001800041082001300059100002500072245002400097260002500121300001500146500002500161650001200186700002200198230524s9999 xx 000 0 und d a9780070671539 a530bMAL aHitendra Kumar Malik 0aEngineering Physics aNEW DELHIbTMHc2010 aXXII;22.15 aQuantity Number: 70 aPhysics a Ajay Kumar Singh